Tribhuvan University Central Library

Teachers beliefs on using cassette player in teaching listening skill. (Record no. 67227)

MARC details
000 -LEADER
fixed length control field 00437 a2200145 4500
008 - FIXED-LENGTH DATA ELEMENTS--GENERAL INFORMATION
fixed length control field 150922b xxu||||| |||| 00| 0 eng d
041 ## - LANGUAGE CODE
Language code of text/sound track or separate title Eng
082 ## - DEWEY DECIMAL CLASSIFICATION NUMBER
Classification number CD9020
100 ## - MAIN ENTRY--PERSONAL NAME
Personal name Rijal, Megha
245 ## - TITLE STATEMENT
Title Teachers beliefs on using cassette player in teaching listening skill.
260 ## - PUBLICATION, DISTRIBUTION, ETC. (IMPRINT)
Place of publication, distribution, etc Kathmandu,
Date of publication, distribution, etc 2012
650 ## - SUBJECT ADDED ENTRY--TOPICAL TERM
Topical term or geographic name as entry element Teaching aids
-- Teacher guide
-- Teaching techniques
-- listening
653 ## - INDEX TERM--UNCONTROLLED
Uncontrolled term English listening
942 ## - ADDED ENTRY ELEMENTS (KOHA)
Source of classification or shelving scheme Dewey Decimal Classification
Koha item type Audio Visual Materials
Holdings
Withdrawn status Lost status Source of classification or shelving scheme Damaged status Not for loan Home library Current library Date acquired Total Checkouts Full call number Barcode Date last seen Price effective from Koha item type
    Dewey Decimal Classification     Tribhuvan University Central Library Tribhuvan University Central Library 07/09/2013   CD9020 A8968 07/09/2013 07/09/2013 Audio Visual Materials